Η παραδοσιακή θρησκευτική συμπεριφορά των συγχρόνων του στό έργο του Αλέξανδρου Παπαδιαμάντη
Αποθηκεύτηκε σε:
| Κύριος συγγραφέας: | |
|---|---|
| Άλλοι συγγραφείς: | |
| Μορφή: | Βιβλίο |
| Γλώσσα: | Greek |
| Δημοσίευση: |
Αθήνα :
Αρμός,
c1998.
|
| Θέματα: | |
| Ετικέτες: |
Προσθήκη ετικέτας
Δεν υπάρχουν, Καταχωρήστε ετικέτα πρώτοι!
|
MARC
| LEADER | 00000cam a2200000 i 4500 | ||
|---|---|---|---|
| 001 | 1/48244 | ||
| 008 | 040211s1998 gr | ||| |||| ||gre|| | ||
| 020 | |a 9605271109 | ||
| 035 | |l 10072217 | ||
| 040 | |a GR-MyUa |b gre |e AACR2 | ||
| 041 | 0 | |a gre | |
| 082 | 7 | |a 398.35 |2 (22) | |
| 100 | 1 | |a Βαρβούνης, Εμμανουήλ Γερ., |d 1966- | |
| 245 | 1 | 2 | |a Η παραδοσιακή θρησκευτική συμπεριφορά των συγχρόνων του στό έργο του Αλέξανδρου Παπαδιαμάντη / |c Μ.Γ. Βαρβούνης - Νικολέτα Σουλιωτάκη. |
| 260 | |a Αθήνα : |b Αρμός, |c c1998. | ||
| 300 | |a 135 σ. ; |c 21 εκ. | ||
| 504 | |a Περιέχει βιβλιογραφικές παραπομπές. | ||
| 600 | 1 | 7 | |2 nlgaf |a Παπαδιαμάντης, Αλέξανδρος, |d 1851-1911 |x Religion. |
| 610 | 2 | 0 | |a Orthodox Eastern Church |x In literature. |
| 700 | 1 | |a Σουλιωτάκη, Νικολέτα. | |
| 852 | |a INST |b SAMOS |e 20040211 |h 398.35 ΒΑΡ |p 005300023464 |q 005300023464 |t BK |y 0 | ||
| 901 | |a BIBL3-2004-1 | ||
| 922 | |a 3ΕΛΗ |b 200111 |c ΒΙΒΛΙΟΘΗΚΗ |d ΚΑΡΑΣΤΑΘΗΣ | ||
| 970 | |a ΚΟΣΙΕΡΗΣ |b ΧΡΗΣΤΟΣ |z 2004/02/11 | ||